[Event "Most op"]
[Site "Most"]
[Date "2004.??.??"]
[Round "8"]
[White "Mraz, Jiri"]
[Black "Svoboda, Jaroslav"]
[Result "0-1"]
[WhiteElo "1875"]
[BlackElo "1995"]
[PlyCount "74"]
[EventDate "2004.??.??"]
[EventType "swiss"]
[EventRounds "9"]
[EventCountry "CZE"]
[SourceTitle "EXT 2007"]
[Source "ChessBase"]
[SourceDate "2006.11.23"]
[SourceVersion "1"]
[SourceVersionDate "2006.11.23"]
[SourceQuality "1"]

1. e4 e5 2. Nf3 f5 3. Bc4 fxe4 4. Nxe5 d5 5. Qh5+ g6 6. Nxg6 hxg6 7. Bb5+ c6 8. Qxh8 Nf6 9. Be2 Bg4 10. Nc3 Nbd7 11. Bxg4 Nxg4 12. 0-0 Qc7 13. Qh4 Nde5 14. d4 exd3 15. cxd3 Be7 16. Qg3 Bd6 17. f4 Bc5+ 18. Kh1 Nxh2 19. fxe5 Nxf1 20. Qxg6+ Qf7 21. Qxf7+ Kxf7 22. g4 Ke6 23. Ne2 Ne3 24. Bxe3 Bxe3 25. d4 Rf8 26. Re1 Rf2 27. Ng1 Bxd4 28. Nh3 Rxb2 29. Nf4+ Ke7 30. e6 Rxa2 31. Ng6+ Ke8 32. g5 Ra1 33. Rxa1 Bxa1 34. Kg2 a5 35. Kf3 a4 36. Kg4 a3 37. Kf5 Bg7 0-1